000 00444 a2200157 4500
005 20250616120615.0
020 _a0-07-286469-9
082 _a658.8 PER
100 _aPERREAULT, W.
245 _aApplication in Basic Marketing : Clipping from the popular Business press
250 _a2003.2004 Ed.
260 _aNewYork
_bMcGraw-Hill Irwin
_c2004.
300 _avii,95p.: ill.; picture
_c25cm
700 _aE.Jerome McCarthy
942 _2ddc
_cBKS
999 _c4127
_d4127